Normal view
MARC view
- Good Samaritan School
Entry Personal Name
001 - CONTROL NUMBER
- control field: 3807
003 - CONTROL NUMBER IDENTIFIER
- control field: OSt
005 - DATE AND TIME OF LATEST TRANSACTION
- control field: 20170731175425.0
008 - FIXED-LENGTH DATA ELEMENTS
- fixed length control field: 170731|| aca||aabn | a|a d
040 ## - CATALOGING SOURCE
- Original cataloging agency: OSt
- Transcribing agency: OSt
100 ## - HEADING--PERSONAL NAME
- Personal name: Good Samaritan School
670 ## - SOURCE DATA FOUND
- Source citation: Work cat.: (OSt): Good Samaritan School, Students Diary 2017-2018, 2017